000 01644cam a2200385 a 4500
001 1863
003 FISKH
005 20240704115508.0
008 901120s1991 paua j 000 1 eng
010 _a 90085723
020 _a1878093177 :
020 _a9780590462068
040 _aDLC
_cDLC
_dDLC
_beng
042 _alcac
050 0 0 _aPZ7.C76476
082 0 0 _a973
100 1 _aConrad, Pam.
245 1 0 _aPedro's journal :
_ba voyage with Christopher Columbus, August 3, 1492-February 14, 1493 /
_cby Pam Conrad ; illustrated by Peter Koeppen.
250 _aFirst Scholastic printing, September 1992
260 _aHonesdale :
_bScholastic,
_c1991.
300 _a80 pages :
_billustrations ;
_c20 cm.
520 _aThe cabin boy on the "Santa Maria" keeps a diary which records his experiences when he sails with Columbus on his first voyage to the New World in 1492.
521 8 _a1030
_bLexile
600 1 0 _aColumbus, Christopher
_xJuvenile fiction.
600 1 1 _aColumbus, Christopher
_xFiction.
650 1 _aDiaries
_xFiction.
651 0 _aAmerica
_xDiscovery and exploration
_xSpanish
_xJuvenile fiction.
651 1 _aAmerica
_xDiscovery and exploration
_xSpanish
_xFiction.
700 1 _aKoeppen, Peter,
_eillustrator
856 4 2 _3Contributor biographical information
_uhttp://www.loc.gov/catdir/enhancements/fy1211/90085723-b.html
856 4 2 _3Publisher description
_uhttp://www.loc.gov/catdir/enhancements/fy1211/90085723-d.html
906 _a7
_bcbc
_corignew
_d2
_eopcn
_f19
_gy-gencatlg
942 _2ddc
_cBK
_n0
999 _c1863
_d1863